Lịch sử Việt Nam (Đầu thế kỷ XX - 1918) Quyển 3
Gespeichert in:
| Format: | Buch |
|---|---|
| Tags: |
Tag hinzufügen
Keine Tags, Fügen Sie den ersten Tag hinzu!
|
| Thư viện lưu trữ: | Mạng thư viện Đại học Đà Nẵng |
|---|
| LEADER | 00611nam a2200193 4500 | ||
|---|---|---|---|
| 001 | 000009872 | ||
| 003 | 6070 | ||
| 005 | 20150812140809.0 | ||
| 008 | 111103s sd | ||
| 245 | 0 | 0 | |a Lịch sử Việt Nam (Đầu thế kỷ XX - 1918) |b Quyển 3 |c Nguyễn Văn Kiệm |
| 774 | |a Nguyễn Văn Kiệm |b In lại lần thứ 2 |d Giáo dục |d H. |d 1979 |g Tập 2 |h 170tr |o KM.012581 |w 6073 | ||
| OWN | |a LSP | ||
| 999 | |a From the UDN01 | ||
| TYP | |a Monograph | ||
| TYP | |a Printed language | ||
| 980 | |a Mạng thư viện Đại học Đà Nẵng | ||